[Event "SWE Ch"]
[Site "Malmo SWE"]
[Date "1986.??.??"]
[Round "?"]
[White "Welin, Thomas"]
[Black "Hector, Jonny"]
[Result "1/2-1/2"]
[WhiteElo "2445"]
[BlackElo "2465"]
[PlyCount "61"]
[EventDate "1986.07.??"]
[Source "www.chesslib.no"]
[SourceDate "2004.05.04"]

1. d4 d5 2. Nf3 Nc6 3. g3 Bg4 4. Bg2 Qd7 5. Nbd2 Bh3 6. Bxh3 Qxh3 7. c3 Nf6 8. Qa4 Qd7 9. Qc2 e5 10. Nxe5 Nxe5 11. dxe5 Ng4 12. Nf3 Bc5 13. Nd4 Nxe5 14. Bf4 Ng4 15. f3 Nf6 16. Be5 Qe7 17. Qf5 Nd7 18. Bxg7 Rg8 19. Bh6 Bxd4 20. cxd4 Qb4+ 21. Kf2 Rg6 22. Bf4 Qxd4+ 23. Be3 Qe5 24. Qxe5+ Nxe5 25. Rac1 O-O-O 26. Rhd1 Ra6 27. a3 Re6 28. Bf4 Rd7 29. Rc5 c6 30. Bxe5 Rxe5 31. e4 1/2-1/2

[Event "M.003 IECG email"]
[Site "M.003 IECG email"]
[Date "1995.??.??"]
[Round "?"]
[White "Lindam, Ingo"]
[Black "Gather, Juergen"]
[Result "1/2-1/2"]
[WhiteElo "2165"]
[BlackElo "2740"]
[PlyCount "22"]
[EventDate "1995.??.??"]
[Source "www.chesslib.no"]
[SourceDate "2004.05.04"]

1. d4 d5 2. Nf3 Nc6 3. Bf4 Bg4 4. c4 e6 5. e3 Bb4+ 6. Nc3 Nf6 7. Qb3 Bxf3 8. gxf3 Nh5 9. Be5 Bxc3+ 10. Qxc3 Nxe5 11. dxe5 c6 1/2-1/2

[Event "St Cugat op"]
[Site "?"]
[Date "1997.??.??"]
[Round "6"]
[White "Garcia Ilundain David"]
[Black "Gonzalez Velez Fermin"]
[Result "1/2-1/2"]
[WhiteElo "2500"]
[BlackElo "2400"]
[PlyCount "75"]
[EventDate "1997.??.??"]
[Source "www.chesslib.no"]
[SourceDate "2004.05.04"]

1. d4 d5 2. Nf3 Nc6 3. Bf4 Bg4 4. e3 e6 5. c4 Bb4+ 6. Nc3 Nge7 7. Rc1 O-O 8. h3 Bxf3 9. Qxf3 dxc4 10. Bxc4 Ng6 11. O-O Bd6 12. Bg3 Bxg3 13. Qxg3 Nce7 14. Rfd1 Nf5 15. Qg4 Nd6 16. Bb3 Kh8 17. Na4 Qe7 18. Nc5 e5 19. Qd7 exd4 20. Qxe7 Nxe7 21. Rxd4 Nc6 22. Ra4 Ne5 23. f4 Ng6 24. Ne4 b5 25. Rd4 Nf5 26. Rd7 Nxe3 27. Rcxc7 h6 28. Nd6 Nxf4 29. Nxf7+ Kh7 30. Ne5 Ne2+ 31. Kh1 Ng3+ 32. Kh2 Nh5 33. Bf7 Nf4 34. Bg6+ Kh8 35. Rxg7 Nf1+ 36. Kh1 Ng3+ 37. Kh2 Nf1+ 38. Kh1 1/2-1/2

[Event "Vrnjacka Banja YUG"]
[Site "Vrnjacka Banja YUG"]
[Date "1987.??.??"]
[Round "?"]
[White "Drasko, Milan"]
[Black "Maksimovic, Branimir"]
[Result "1-0"]
[WhiteElo "2465"]
[BlackElo "2435"]
[PlyCount "63"]
[EventDate "1987.??.??"]
[Source "www.chesslib.no"]
[SourceDate "2004.05.04"]

1. d4 d5 2. Nf3 Nc6 3. g3 Bg4 4. Bg2 e6 5. O-O Be7 6. c4 Bf6 7. e3 Nge7 8. h3 Bxf3 9. Bxf3 O-O 10. cxd5 exd5 11. Nc3 Na5 12. Qd3 c6 13. b3 Qd7 14. Bg4 Qd8 15. Rd1 Ng6 16. Bb2 b6 17. Rac1 Re8 18. e4 dxe4 19. Nxe4 c5 20. Nxf6+ Qxf6 21. Qf3 cxd4 22. Qxf6 gxf6 23. Rxd4 Ne5 24. Rc7 f5 25. Rd5 fxg4 26. Rxe5 Rxe5 27. Bxe5 h5 28. h4 Re8 29. Bc3 Re2 30. b4 Rxa2 31. Rxa7 b5 32. Rxa5 1-0

[Event "Manresa Open"]
[Site "Manresa"]
[Date "1993.??.??"]
[Round "9"]
[White "Efimov, Igor"]
[Black "Castro, Oscar H"]
[Result "0-1"]
[WhiteElo "2490"]
[BlackElo "2410"]
[PlyCount "62"]
[EventDate "1993.??.??"]
[Source "www.chesslib.no"]
[SourceDate "2004.05.04"]

1. d4 d5 2. Nf3 Nc6 3. Bf4 Bf5 4. e3 e6 5. Bb5 Bd6 6. Ne5 Nge7 7. g4 Be4 8. f3 Bg6 9. Nc3 f6 10. Bxc6+ Nxc6 11. Nxg6 hxg6 12. Qd3 g5 13. Bxd6 Qxd6 14. O-O-O O-O-O 15. Nb5 Qd7 16. h3 Kb8 17. c4 a6 18. Nc3 Nb4 19. Qe2 dxc4 20. Qxc4 Nd5 21. Nxd5 exd5 22. Qd3 Rde8 23. Kd2 Qd6 24. Ke2 Qg3 25. Rdg1 Qh4 26. Kf1 g6 27. Ke2 f5 28. Kd2 f4 29. exf4 Qf2+ 30. Kc1 Rxh3 31. Qxg6 Reh8 0-1

[Event "1st WinTV Open"]
[Site "Chennai"]
[Date "2004.01.22"]
[Round "3"]
[White "Fominyh, Alexander"]
[Black "Muralidharan, MB."]
[Result "1-0"]
[WhiteElo "2559"]
[BlackElo "2341"]
[PlyCount "52"]
[EventDate "2004.01.21"]
[Source "Roberto Alvarez"]
[SourceDate "2004.02.09"]

1. d4 d5 2. Nf3 Nc6 3. Bg5 Bg4 4. Nbd2 Nf6 5. e3 Ne4 6. Bh4 g5 7. Bg3 Bg7 8. Qb1 h5 9. Nxe4 dxe4 10. Nxg5 h4 11. Bf4 Qd5 12. Nxe4 O-O-O 13. Nc3 Qh5 14. h3 Bf5 15. Qd1 Qg6 16. Bd3 e5 17. dxe5 Kb8 18. Qf3 Rxd3 19. cxd3 Bxe5 20. d4 Bxd4 21. exd4 Nxd4 22. Qd5 Re8+ 23. Kf1 Bd3+ 24. Kg1 Be4 25. Qg5 Qh7 26. Nxe4 Qxe4 1-0

[Event "Paris FRA"]
[Site "Paris FRA"]
[Date "1994.??.??"]
[Round "6"]
[White "Rotstein, Arkadij"]
[Black "Chabanon, Jean-Luc"]
[Result "1-0"]
[WhiteElo "2480"]
[BlackElo "2415"]
[PlyCount "37"]
[EventDate "1994.??.??"]
[Source "www.chesslib.no"]
[SourceDate "2004.05.04"]

1. d4 d5 2. Nf3 Nc6 3. g3 Bg4 4. Bg2 e6 5. O-O Be7 6. c4 dxc4 7. Qa4 Qd7 8. Qxc4 Rd8 9. Nc3 Bg5 10. Kh1 Ne5 11. Re1 Kf8 12. Bf1 c5 13. Bxg5 Qc8 14. Bf6 Nxf6 15. b4 Qd7 16. Qb3 Nd3 17. e3 Rb8 18. Rac1 Qd8 19. Bh3 1-0

[Event "Zwolle op"]
[Site "Zwolle"]
[Date "1996.??.??"]
[Round "4"]
[White "Schebler, Gerhard"]
[Black "Ye Rongguang"]
[Result "0-1"]
[WhiteElo "2420"]
[BlackElo "2475"]
[PlyCount "182"]
[EventDate "1996.??.??"]
[Source "www.chesslib.no"]
[SourceDate "2004.05.04"]

1. d4 d5 2. Nf3 Nc6 3. Bf4 Bg4 4. e3 e6 5. c4 Bb4+ 6. Nc3 Nf6 7. Be2 dxc4 8. Bxc4 Nd5 9. Bxd5 exd5 10. h3 Bh5 11. O-O Bxc3 12. bxc3 O-O 13. Rc1 Na5 14. Qa4 Nc4 15. Ne5 Nb6 16. Qc2 f6 17. Nd3 Bg6 18. Qe2 Bxd3 19. Qxd3 Qe7 20. Rce1 Rae8 21. f3 f5 22. Be5 Nc4 23. f4 c6 24. Re2 Qd7 25. Kh2 Re6 26. Ref2 Rh6 27. Rf3 Rg6 28. Qb1 a5 29. Qe1 Re8 30. Rg3 Ree6 31. Rxg6 Rxg6 32. Qh4 Qe8 33. Kg1 a4 34. Kh1 b5 35. Qh5 Qd7 36. Kh2 Qf7 37. Qh4 Qe8 38. Kh1 Re6 39. Kh2 Qe7 40. Qh5 Qf7 41. Qg5 Qg6 42. Qd8+ Qe8 43. Qg5 Qf8 44. Qh4 Rg6 45. Qh5 Qf7 46. Qh4 Qe8 47. Kh1 Nd6 48. Bxd6 Rxd6 49. Kg1 Qe4 50. Qe1 h6 51. Rf2 Re6 52. Rf3 Qc2 53. Rf2 Qd3 54. Rf3 Rg6 55. Kh2 Kf7 56. Rf2 Re6 57. Rf3 Rg6 58. Rf2 Rd6 59. Rf3 Re6 60. Kh1 Qe4 61. Kh2 Rg6 62. Rf2 Ke6 63. Rf3 Kd7 64. Rf2 Qe7 65. Rf3 Kc8 66. Qc1 Rf6 67. Kh1 g6 68. Qe1 Re6 69. Qc1 Kb7 70. Kh2 Re4 71. Kg1 Qd6 72. Kf2 Kb6 73. Qb2 c5 74. Qa3 Re6 75. Qc1 Qc6 76. a3 cxd4 77. exd4 Qc4 78. Kg1 Re4 79. Kh2 Qa2 80. Rg3 Re6 81. Rf3 Qe2 82. Rg3 Qc4 83. Rf3 Ka5 84. Rg3 Qb3 85. Rf3 h5 86. h4 Qa2 87. Rg3 Qf2 88. Qb1 Qxf4 89. Kh3 Ka6 90. Qb4 g5 91. hxg5 Re4 0-1

[Event "Terrassa op"]
[Site "Terrassa"]
[Date "1996.??.??"]
[Round "5"]
[White "Garcia Ilundain, David"]
[Black "Eslon, Jaan"]
[Result "1-0"]
[WhiteElo "2520"]
[BlackElo "2375"]
[PlyCount "71"]
[EventDate "1996.07.??"]
[Source "www.chesslib.no"]
[SourceDate "2004.05.04"]

1. d4 d5 2. Nf3 Nc6 3. Bf4 Bg4 4. e3 Bxf3 5. Qxf3 Nf6 6. a3 e6 7. c4 Bd6 8. Bg5 Be7 9. Nc3 dxc4 10. Bxc4 O-O 11. O-O a6 12. Rfd1 Nd7 13. Bf4 Bd6 14. Ba2 Bxf4 15. exf4 Nf6 16. d5 exd5 17. Nxd5 Nxd5 18. Bxd5 Qf6 19. b4 Rad8 20. Bxc6 bxc6 21. g3 Rd5 22. Rac1 Rfd8 23. Rxd5 cxd5 24. Rxc7 Qf5 25. g4 Qb1+ 26. Kg2 h6 27. Qe3 Qg6 28. h3 f5 29. Qe7 Rf8 30. g5 Re8 31. Qd7 hxg5 32. Rc6 Qh5 33. Qxd5+ Kh8 34. Qxf5 Qe2 35. fxg5 Qe7 36. g6 1-0

[Event "17. It"]
[Site "17. It Vrnjacka Banja"]
[Date "1987.??.??"]
[Round "?"]
[White "Knezevic, Milorad"]
[Black "Maksimovic, Branimir"]
[Result "1/2-1/2"]
[WhiteElo "2445"]
[BlackElo "2450"]
[PlyCount "27"]
[EventDate "1987.??.??"]
[Source "www.chesslib.no"]
[SourceDate "2004.05.04"]

1. d4 d5 2. Nf3 Nc6 3. Bf4 Bg4 4. e3 e6 5. Be2 Bd6 6. Bxd6 cxd6 7. O-O Nf6 8. c4 dxc4 9. Bxc4 O-O 10. Nc3 d5 11. Be2 Rc8 12. Rc1 Qa5 13. Nd2 Bxe2 14. Qxe2 1/2-1/2

[Event "Weilburg NBG Open"]
[Site "Weilburg GER"]
[Date "1995.??.??"]
[Round "6"]
[White "Haba, Petr"]
[Black "Kaminski, Marcin"]
[Result "1/2-1/2"]
[WhiteElo "2440"]
[BlackElo "2455"]
[PlyCount "35"]
[EventDate "1995.10.??"]
[Source "www.chesslib.no"]
[SourceDate "2004.05.04"]

1. d4 d5 2. Nf3 Nc6 3. Bf4 Bg4 4. Nbd2 e6 5. h3 Bh5 6. e3 Bd6 7. Bxd6 cxd6 8. c4 dxc4 9. Bxc4 Nf6 10. O-O O-O 11. Rc1 e5 12. Be2 e4 13. Nh2 Bxe2 14. Qxe2 Qa5 15. a3 Rac8 16. Ng4 Nxg4 17. hxg4 f5 18. Rc3 1/2-1/2

[Event "Paris"]
[Site "Paris"]
[Date "1994.??.??"]
[Round "6"]
[White "Rotstein, Arkadij"]
[Black "Chabanon, Jean Luc"]
[Result "1-0"]
[WhiteElo "2480"]
[BlackElo "2415"]
[PlyCount "37"]
[EventDate "1994.04.??"]
[Source "ChessBase"]

1. d4 d5 2. Nf3 Nc6 3. g3 Bg4 4. Bg2 e6 5. O-O Be7 6. c4 dxc4 7. Qa4 Qd7 8. Qxc4 Rd8 9. Nc3 Bxf3 10. Bxf3 Nf6 11. Rd1 O-O 12. Bxc6 bxc6 13. Bg5 Rb8 14. Bxf6 gxf6 15. b3 Rb4 16. Qa6 Ra8 17. e3 f5 18. Rac1 f4 19. exf4 1-0

[Event "Olomouc CZE, GM-B 2005"]
[Site "?"]
[Date "2005.??.??"]
[Round "1.5"]
[White "Jirka Jiri"]
[Black "Maslak Konstantin"]
[Result "0-1"]
[WhiteElo "2391"]
[BlackElo "2501"]
[PlyCount "76"]
[EventDate "2005.??.??"]
[Source "www.chesslib.no"]
[SourceDate "2004.05.04"]

1. d4 d5 2. Nf3 Nc6 3. g3 Bf5 4. Bg2 Nf6 5. O-O Nb4 6. c3 Na6 7. c4 e6 8. Nc3 c6 9. Nh4 Bg4 10. Qb3 Qb6 11. h3 Bh5 12. Bf4 Be7 13. g4 Bg6 14. Nxg6 hxg6 15. c5 Qxb3 16. axb3 Bd8 17. Be5 Nd7 18. Bg3 Bc7 19. e4 Bxg3 20. fxg3 Nc7 21. b4 a6 22. exd5 exd5 23. Rae1+ Kf8 24. g5 Re8 25. h4 Rxe1 26. Rxe1 f5 27. Kf2 Kf7 28. Bf3 Nf8 29. Re5 Nfe6 30. Ne2 Nb5 31. Ke3 Ra8 32. h5 Nxg5 33. hxg6+ Kf6 34. g4 Nxd4 35. Nxd4 Kxe5 36. Nxf5 Nxf3 37. Kxf3 Rf8 38. Ke3 Rxf5 0-1

[Event "JUG-chT"]
[Site "Budva"]
[Date "1996.??.??"]
[Round "3"]
[White "Kosic, Dragan"]
[Black "Maksimovic, Branimir"]
[Result "1-0"]
[WhiteElo "2515"]
[BlackElo "2375"]
[PlyCount "96"]
[EventDate "1996.??.??"]
[Source "ChessBase"]

1. d4 d5 2. Nf3 Nc6 3. Bf4 Bg4 4. c4 Bxf3 5. gxf3 Nf6 6. Nc3 e5 7. dxe5 d4 8. exf6 dxc3 9. Qxd8+ Rxd8 10. bxc3 Nb4 11. Rc1 gxf6 12. Bxc7 Nxa2 13. Bxd8 Nxc1 14. Bxf6 Rg8 15. Kd2 Nb3+ 16. Kc2 Nc5 17. Bh3 Rg6 18. Be5 Ra6 19. Rb1 Bd6 20. Bxd6 Rxd6 21. Bf5 Rh6 22. h3 Rh4 23. Ra1 a6 24. e4 Ke7 25. Rd1 Rf4 26. Rd5 b6 27. Bg4 Rf6 28. e5 Rc6 29. f4 f6 30. Bf5 h6 31. Bg4 a5 32. Bf3 f5 33. Rd1 Rg6 34. h4 h5 35. Kd2 Rg8 36. Ke3 a4 37. Ra1 Rd8 38. Ke2 Rd7 39. Bxh5 Ne4 40. Ke3 Nxc3 41. Ra3 b5 42. cxb5 Nd5+ 43. Kf3 Nb6 44. Bg6 Ke6 45. h5 Rd4 46. Bh7 Nc8 47. Bg8+ Kd7 48. h6 Ne7 1-0

[Event "World University-ch 6th"]
[Site "Golden Sands"]
[Date "2000.09.08"]
[Round "8"]
[White "Kacheishvili, Giorgi"]
[Black "Lindfeldt, Jan Magnus"]
[Result "1-0"]
[WhiteElo "2564"]
[BlackElo "2326"]
[PlyCount "67"]
[EventDate "2000.09.01"]
[Source "ChessBase"]
[SourceDate "2000.09.14"]

1. d4 d5 2. Nf3 Nc6 3. Bf4 Nf6 4. e3 a6 5. c4 Bf5 6. Nc3 e6 7. Rc1 Ne4 8. Nxe4 Bxe4 9. Nd2 Bb4 10. a3 Bxd2+ 11. Qxd2 O-O 12. f3 Bg6 13. cxd5 exd5 14. Be2 Qh4+ 15. Bg3 Qe7 16. Kf2 Rfd8 17. Rc5 Rd7 18. Rhc1 Bf5 19. b4 Be6 20. R1c3 h5 21. h3 Rc8 22. Qc1 h4 23. Bh2 Qf6 24. Qf1 Nxd4 25. exd4 Qxd4+ 26. Re3 c6 27. Be5 Qd2 28. Qa1 d4 29. Rd3 Qh6 30. Rxd4 Rcd8 31. Bf4 Qg6 32. Rxd7 Rxd7 33. Rg5 Qh6 34. Be5 1-0

[Event "Acropolis Open"]
[Site "Athens"]
[Date "2003.08.27"]
[Round "3"]
[White "Malakhatko, Vadim"]
[Black "Kapnisis, Spyridon"]
[Result "1-0"]
[WhiteElo "2498"]
[BlackElo "2392"]
[PlyCount "97"]
[EventDate "2003.08.25"]
[Source "Roberto Alvarez"]
[SourceDate "2003.09.08"]

1. d4 d5 2. Nf3 Nc6 3. Bf4 Bg4 4. e3 e6 5. c4 Bb4+ 6. Nc3 Nge7 7. Bg3 O-O 8. Rc1 Ng6 9. a3 Bxc3+ 10. Rxc3 f5 11. h3 Bxf3 12. Qxf3 f4 13. exf4 Nxd4 14. Qg4 c5 15. Bd3 Qb6 16. O-O Qxb2 17. Rcc1 Qxa3 18. Rfd1 Ne7 19. Ra1 Qc3 20. Rac1 Qa5 21. cxd5 Nxd5 22. Re1 Rae8 23. Qh5 Nf6 24. Qe5 Qa3 25. Bc4 Kh8 26. Bh4 b5 27. Bf1 Rc8 28. Ra1 Qb3 29. Rxa7 Ne8 30. Rb7 Qd5 31. Qxd5 exd5 32. Be7 Rf7 33. Bxb5 Nf6 34. Ba6 Re8 35. Kf1 Ne4 36. f3 Rfxe7 37. fxe4 dxe4 38. Rxe7 Rxe7 39. Bd3 Nb3 40. Kf2 Nd2 41. Bc2 c4 42. Ke3 c3 43. Ra1 Re8 44. Ra4 g6 45. g4 Kg7 46. Ra7+ Kh8 47. Rc7 Nf3 48. Kf2 Nd2 49. Rxc3 1-0

[Event "Bled Open"]
[Site "Bled SLO"]
[Date "1995.??.??"]
[Round "8"]
[White "Mikhalchishin, Adrian B"]
[Black "Osterman, Rudolf"]
[Result "1/2-1/2"]
[WhiteElo "2500"]
[BlackElo "2390"]
[PlyCount "52"]
[EventDate "1995.03.??"]
[Source "www.chesslib.no"]
[SourceDate "2004.05.04"]

1. d4 d5 2. Nf3 Nc6 3. Bg5 f6 4. Bf4 e6 5. e3 Bd6 6. Bg3 Nge7 7. c4 O-O 8. Nc3 Bb4 9. Bd3 dxc4 10. Bxc4 Nd5 11. Qc2 Nce7 12. O-O Bxc3 13. bxc3 Nf5 14. Bd3 g6 15. Qd2 Nxg3 16. fxg3 c5 17. e4 Nb6 18. Qe3 cxd4 19. cxd4 Bd7 20. Rac1 Rc8 21. g4 Qe7 22. g5 fxg5 23. Nxg5 Rxc1 24. Rxc1 Qa3 25. Re1 Qxa2 26. h4 Qa5 1/2-1/2

[Event "Goodricke op"]
[Site "Calcutta"]
[Date "1997.??.??"]
[Round "9"]
[White "Prakash, G B."]
[Black "Rahman, Ziaur"]
[Result "1-0"]
[WhiteElo "2410"]
[BlackElo "2480"]
[PlyCount "141"]
[EventDate "1997.02.??"]
[Source "ChessBase"]

1. d4 d5 2. Nf3 Nc6 3. Bf4 Bg4 4. e3 e6 5. Be2 Bd6 6. Bg3 Nge7 7. Nbd2 O-O 8. O-O Ng6 9. c4 Nce7 10. Rc1 a6 11. Nb3 Kh8 12. Nfd2 Bxe2 13. Qxe2 a5 14. cxd5 exd5 15. Nc5 Bxc5 16. Rxc5 c6 17. Qh5 Ng8 18. h4 f5 19. Qg5 Qxg5 20. hxg5 f4 21. Bxf4 Nxf4 22. exf4 Rxf4 23. Nf3 Re4 24. Re1 Rxe1+ 25. Nxe1 Ne7 26. Nf3 Nf5 27. g3 Kg8 28. Rc2 Nd6 29. Ne5 Nf5 30. Nf3 a4 31. Re2 a3 32. b3 Nd6 33. Re7 Ne4 34. Rxb7 Nc3 35. Ne1 Ne2+ 36. Kf1 Nxd4 37. Rc7 Re8 38. Ra7 Re2 39. Nf3 Re4 40. Nxd4 Rxd4 41. Rxa3 Kf7 42. Ra7+ Kg6 43. Rc7 Rd2 44. a4 Rc2 45. a5 d4 46. a6 d3 47. Ke1 Kxg5 48. Rxg7+ Kf5 49. Rxh7 Ra2 50. Rh4 Rxa6 51. Kd2 Ra3 52. Kc3 Ke5 53. Rf4 d2 54. Rd4 Ra5 55. Rxd2 Ke4 56. Rd3 Rc5+ 57. Kd2 Ra5 58. Re3+ Kd4 59. Ke2 c5 60. Kf3 Ra8 61. g4 Rg8 62. Kg3 Rg7 63. Rf3 Rg8 64. Rf4+ Kd5 65. Rf5+ Kd4 66. g5 Rb8 67. Rf3 Ke5 68. Kg4 Rb4+ 69. Kh5 Ke4 70. Rg3 Kf5 71. g6 1-0

[Event "Nordic-ch"]
[Site "Bergen"]
[Date "2001.08.06"]
[Round "3"]
[White "Kogan, Artur"]
[Black "Heim, Sverre"]
[Result "1-0"]
[WhiteElo "2517"]
[BlackElo "2371"]
[PlyCount "125"]
[EventDate "2001.08.04"]
[Source "ChessBase"]
[SourceDate "2001.09.11"]

1. d4 d5 2. Nf3 Nc6 3. Bf4 Bg4 4. Nbd2 e6 5. c3 Bd6 6. Ne5 Nge7 7. Qa4 f6 8. Nxc6 Nxc6 9. Bxd6 Qxd6 10. f3 Bh5 11. e4 O-O 12. Bb5 Ne7 13. O-O Bf7 14. f4 c5 15. Qa3 b6 16. Rae1 Qc7 17. dxc5 bxc5 18. exd5 Nxd5 19. Re4 Rab8 20. Bc4 f5 21. Re5 Nxf4 22. Rxc5 Qd6 23. Nb3 Rb7 24. Qa6 Qb8 25. Rb5 Rxb5 26. Qxb5 Qxb5 27. Bxb5 e5 28. Nc5 Rd8 29. g3 Ne6 30. Nb7 Rb8 31. Bc6 g6 32. Rd1 Rc8 33. Bd5 Kf8 34. Nd6 Rb8 35. b4 Ke7 36. Nxf7 Kxf7 37. Bb3 Ke7 38. Rd5 e4 39. Re5 Rb6 40. a4 Kf6 41. Ra5 Ng5 42. Kf2 Rd6 43. Rd5 Rxd5 44. Bxd5 Ke5 45. Bg8 h6 46. a5 Nf3 47. Bh7 Kf6 48. b5 Ne5 49. Bg8 Nd7 50. Bd5 Ke5 51. Bc6 Kd6 52. Bxd7 Kxd7 53. Ke3 Kc7 54. Kd4 Kb8 55. c4 Kc7 56. c5 Kb8 57. a6 Kc7 58. h3 h5 59. h4 Kb8 60. b6 axb6 61. cxb6 Kc8 62. Kc5 e3 63. Kc6 1-0

[Event "Corr"]
[Site "?"]
[Date "2000.09.25"]
[Round "?"]
[White "Kramer Svend Erik (DEN)"]
[Black "Gunnlaugsson Gisli (ISL)"]
[Result "1-0"]
[WhiteElo "2453"]
[BlackElo "2434"]
[PlyCount "139"]
[EventDate "2000.??.??"]
[Source "www.chesslib.no"]
[SourceDate "2004.05.04"]

1. d4 d5 2. Nf3 Nc6 3. g3 Nf6 4. Bg2 Bf5 5. O-O e6 6. c4 dxc4 7. Qa4 Nd7 8. Qxc4 Nb6 9. Qb3 Be7 10. Nc3 O-O 11. Rd1 Na5 12. Qb5 Nac4 13. e4 Bg4 14. h3 c6 15. Qb3 Bh5 16. Ne2 a5 17. a4 Qd6 18. Qc2 Bxf3 19. Bxf3 Rfd8 20. Bg2 e5 21. d5 Qg6 22. b3 Nd6 23. dxc6 Rdc8 24. c7 Ne8 25. Qb2 Rxc7 26. Be3 Qe6 27. Rac1 Rxc1 28. Rxc1 Nd7 29. f4 Bb4 30. fxe5 Nxe5 31. Nf4 Qd6 32. Qc2 Ba3 33. Rd1 Qe7 34. Nd5 Qe6 35. Qc3 f6 36. Kh2 Ra6 37. Nf4 Rc6 38. Qxa5 Qxb3 39. Rd8 Kf8 40. Qa8 Qf7 41. Nd3 Nc4 42. Ba7 Rc7 43. Nf4 Rd7 44. e5 Nxe5 45. Qc8 Rxd8 46. Ne6+ Kg8 47. Nxd8 Nd6 48. Qb8 Qa2 49. Nc6+ Kf7 50. Qc7+ Kg6 51. Nxe5+ fxe5 52. Qe7 Nf5 53. Qxb7 Bd6 54. Qe4 Kf6 55. Bb6 Qb3 56. Bf2 Qb2 57. Be1 g6 58. a5 Qa2 59. Qd3 h5 60. h4 Bc5 61. Qd8+ Ne7 62. Bd2 Ke6 63. Qd3 Qa1 64. Qa6+ Kd7 65. Qb5+ Kd6 66. Bg5 Bg1+ 67. Kh3 Qc3 68. Qa6+ Nc6 69. Qf1 Qc5 70. a6 1-0

[Event "Staufer op 13th"]
[Site "Schwaebisch Gmuend"]
[Date "2001.??.??"]
[Round "4"]
[White "Kacheishvili, Giorgi"]
[Black "Bruch, Ingo"]
[Result "1-0"]
[WhiteElo "2556"]
[BlackElo "2330"]
[PlyCount "53"]
[EventDate "2001.01.??"]
[Source "ChessBase"]
[SourceDate "2001.03.08"]

1. d4 d5 2. Nf3 Nc6 3. Bf4 Bf5 4. e3 e6 5. a3 Bd6 6. Bg3 h5 7. c4 h4 8. Bxd6 Qxd6 9. Nc3 dxc4 10. h3 a6 11. Bxc4 Nf6 12. O-O Rd8 13. b4 e5 14. Qb3 exd4 15. Rad1 d3 16. Na4 Ne5 17. Nxe5 Qxe5 18. Nc5 O-O 19. Nxd3 Bxd3 20. Rxd3 Rxd3 21. Qxd3 Ne4 22. Bd5 Nd6 23. Rc1 c6 24. Bb3 Qf6 25. Rd1 Rd8 26. e4 g6 27. e5 1-0

[Event "Augsburg Open 2nd"]
[Site "Augsburg GER"]
[Date "1995.??.??"]
[Round "5"]
[White "Teske, Henrik"]
[Black "Egorov, Evgeni"]
[Result "1-0"]
[WhiteElo "2465"]
[BlackElo "2420"]
[PlyCount "107"]
[EventDate "1995.??.??"]
[Source "www.chesslib.no"]
[SourceDate "2004.05.04"]

1. d4 d5 2. Nf3 Nc6 3. Bf4 Bg4 4. Nbd2 e6 5. e3 a6 6. Be2 Bd6 7. Bg3 Nge7 8. c4 O-O 9. O-O Ng6 10. Qb3 Rb8 11. Rac1 Re8 12. cxd5 exd5 13. Qxd5 Bxg3 14. Qxd8 Rbxd8 15. hxg3 Nxd4 16. Nxd4 Bxe2 17. Rfe1 Bg4 18. f3 Bc8 19. Rxc7 Rxd4 20. Rxc8 Rxc8 21. exd4 f5 22. Nb3 Rc2 23. Re8+ Kf7 24. Rb8 b5 25. Rb7+ Ke6 26. Nc5+ Kd5 27. Rd7+ Kc6 28. d5+ Kxc5 29. Rc7+ Kxd5 30. Rxc2 Ne5 31. Kf2 h6 32. Ke3 Nc4+ 33. Kd3 Ne5+ 34. Kc3 a5 35. b4 axb4+ 36. Kxb4 Nc6+ 37. Kc3 b4+ 38. Kd2 g5 39. Rc1 Ne5 40. Rh1 Nf7 41. Ke3 Kc4 42. Rc1+ Kd5 43. Rc7 Ne5 44. f4 Nc4+ 45. Kd3 Nb2+ 46. Ke2 g4 47. Rf7 Na4 48. Rxf5+ Kd4 49. Ra5 Nc3+ 50. Ke1 Ne4 51. f5 Nf6 52. Ra4 Ke4 53. Rxb4+ Kxf5 54. Rf4+ 1-0

[Event "Jurmala"]
[Site "Jurmala"]
[Date "1987.??.??"]
[Round "?"]
[White "Kengis, Edvins"]
[Black "Sygulski, Artur"]
[Result "1/2-1/2"]
[WhiteElo "2475"]
[BlackElo "2410"]
[PlyCount "82"]
[EventDate "1987.09.??"]
[Source "ChessBase"]

1. d4 d5 2. Nf3 Nc6 3. g3 Bg4 4. Bg2 Qd7 5. h3 Bxf3 6. exf3 Nf6 7. O-O e6 8. c3 Bd6 9. Nd2 h5 10. h4 Ne7 11. Nb3 c6 12. Re1 Qc7 13. Bg5 Nh7 14. Bxe7 Qxe7 15. f4 g6 16. Nc1 Nf6 17. Bf3 O-O-O 18. b4 Nd7 19. Nd3 f6 20. b5 Nb6 21. bxc6 bxc6 22. a4 a5 23. Qe2 Rhe8 24. Qc2 f5 25. Rab1 Qa7 26. Nb2 Ba3 27. Nd1 Bf8 28. Ne3 Kd7 29. Be2 Ke7 30. Nf1 Kf6 31. Bd3 Bd6 32. Nh2 c5 33. Bb5 Re7 34. Nf3 Rc8 35. Qd2 Nd7 36. Bxd7 Qxd7 37. Rb5 Qa7 38. Reb1 cxd4 39. Nxd4 Rc4 40. Qd3 Qc7 41. Rb6 Bc5 1/2-1/2

[Event "Open"]
[Site "Antwerp op"]
[Date "1993.??.??"]
[Round "3"]
[White "Khenkin, Igor"]
[Black "Boey, Jozef M"]
[Result "1-0"]
[WhiteElo "2575"]
[BlackElo "2305"]
[PlyCount "81"]
[EventDate "1993.??.??"]
[Source "www.chesslib.no"]
[SourceDate "2004.05.04"]

1. d4 d5 2. Nf3 Nc6 3. Bg5 h6 4. Bh4 Bf5 5. e3 Nf6 6. Bxf6 gxf6 7. c4 e6 8. Nc3 Bb4 9. Rc1 O-O 10. Nh4 Bg6 11. Qf3 Kg7 12. cxd5 Qxd5 13. Qxd5 exd5 14. a3 Bxc3+ 15. Rxc3 a6 16. Kd2 Rfc8 17. g3 Ne7 18. Bh3 f5 19. Rb3 Rab8 20. Rc1 c6 21. Bf1 f4 22. exf4 Nf5 23. Nxf5+ Bxf5 24. Rb6 Bd7 25. Rc3 Re8 26. f3 a5 27. Rcb3 Bc8 28. Rxc6 Bg4 29. Rc7 Bc8 30. Rb5 b6 31. Rxd5 Be6 32. Re5 Rbd8 33. Ke3 Rc8 34. Rxc8 Rxc8 35. d5 Bd7 36. Re7 Ba4 37. d6 Rc6 38. d7 Rd6 39. Bh3 Kf6 40. Re8 Bxd7 41. Rd8 1-0

[Event "33rd Rilton Cup"]
[Site "Stockholm"]
[Date "2003.12.28"]
[Round "2"]
[White "Ivanov, Sergey"]
[Black "Bromann, Thorbjorn"]
[Result "1-0"]
[WhiteElo "2556"]
[BlackElo "2323"]
[PlyCount "57"]
[EventDate "2003.12.27"]
[Source "Roberto Alvarez"]
[SourceDate "2004.01.05"]

1. d4 d5 2. Nf3 Nc6 3. g3 Bg4 4. Bg2 Qd7 5. c4 e6 6. O-O dxc4 7. Qa4 Ne5 8. Qxd7+ Nxd7 9. Nc3 Rb8 10. a4 a6 11. a5 Ngf6 12. Nd2 e5 13. dxe5 Nxe5 14. f4 Nc6 15. Nxc4 Nd4 16. Be3 Nc2 17. Rac1 Nxe3 18. Nxe3 Bd7 19. Rfd1 Bd6 20. Ncd5 Nxd5 21. Nxd5 Bc6 22. e4 Bxd5 23. Rxd5 b6 24. axb6 Rxb6 25. e5 Bb4 26. Rxc7 O-O 27. Rdd7 Ba5 28. Rxf7 Rxf7 29. Rc8+ 1-0

[Event "First Saturday GM - Giugno 2008"]
[Site "Budapest UNG"]
[Date "2008.06.12"]
[Round "6"]
[White "Nguyen Huynh Minh, Huy"]
[Black "Kobese, Watu"]
[Result "1/2-1/2"]
[WhiteElo "2482"]
[BlackElo "2396"]
[PlyCount "147"]
[EventDate "2008.06.07"]
[Source "www.chesslib.no"]
[SourceDate "2004.05.04"]

1. d4 d5 2. Nf3 Nc6 3. e3 Bg4 4. Bb5 f6 5. c4 e6 6. Nbd2 Nge7 7. h3 Bh5 8. Qb3 a6 9. Ba4 Rb8 10. cxd5 exd5 11. Qc3 Bg6 12. Bb3 Nc8 13. a3 N6a7 14. Bc2 Bf7 15. e4 Nb5 16. Qd3 Be7 17. O-O O-O 18. a4 Nba7 19. exd5 Bg6 20. Ne4 Nd6 21. Qe2 Nxe4 22. Bxe4 Bxe4 23. Qxe4 Re8 24. Qf5 Nc8 25. Bf4 Nb6 26. Rfe1 Qxd5 27. Qc2 Bd6 28. Bxd6 Qxd6 29. Qb3+ Qd5 30. Qb4 a5 31. Qc3 c6 32. b4 Qc4 33. Qxc4+ Nxc4 34. Rec1 Nd6 35. bxa5 Ra8 36. d5 cxd5 37. Rc5 Nc4 38. Rd1 Rxa5 39. Rdxd5 b6 40. Rxa5 bxa5 41. Rc5 Re4 42. g3 Nb2 43. Rxa5 Nxa4 44. Ra8+ Kf7 45. Ra7+ Kg8 46. Nd2 Rd4 47. Nb3 Rb4 48. Na5 Nb6 49. Nc6 Rb5 50. Rb7 Rb2 51. Ne7+ Kf8 52. Nf5 Nc4 53. Rc7 Rb1+ 54. Kg2 Rb5 55. Nxg7 Re5 56. Rxc4 Kxg7 57. Rc7+ Kg6 58. g4 h5 59. Rc6 hxg4 60. hxg4 Ra5 61. Kg3 Ra3+ 62. Kg2 Ra2 63. Re6 Rb2 64. Kg3 Rb1 65. Rc6 Rg1+ 66. Kh3 Rh1+ 67. Kg2 Ra1 68. f4 Ra2+ 69. Kg3 Kg7 70. Rb6 Ra1 71. Kf3 Ra4 72. Rb7+ Kg6 73. f5+ Kh6 74. Rf7 1/2-1/2